Sikkim : (Record no. 129411)

MARC details
000 -LEADER
fixed length control field 00721nam a22002297a 4500
005 - DATE AND TIME OF LATEST TRANSACTION
control field 20170124110055.0
010 ## - LIBRARY OF CONGRESS CONTROL NUMBER
LC control number A-937089
020 ## - INTERNATIONAL STANDARD BOOK NUMBER
Terms of availability 00.00
International Standard Book Number 8171171532
035 ## - SYSTEM CONTROL NUMBER
System control number A-937089
037 ## - SOURCE OF ACQUISITION
Source of stock number/acquisition Cen. Lib./Ret.
040 ## - CATALOGING SOURCE
Original cataloging agency DPL
Language of cataloging EN
082 ## - DEWEY DECIMAL CLASSIFICATION NUMBER
Classification number 954.03
Item number BHA
100 ## - MAIN ENTRY--PERSONAL NAME
Personal name Bhattacharya, B
9 (RLIN) 26319
245 ## - TITLE STATEMENT
Title Sikkim :
Statement of responsibility, etc by B. Bhattacharya
Remainder of title land and people /
260 ## - PUBLICATION, DISTRIBUTION, ETC. (IMPRINT)
Place of publication, distribution, etc New Delhi
Name of publisher, distributor, etc Omsons publications
Date of publication, distribution, etc 1997
270 ## - ADDRESS
Address T-7, Rajouri Garden
City New Delhi
Postal code 110027
300 ## - PHYSICAL DESCRIPTION
Extent v,160p. :
Dimensions 22cm(Hb)
500 ## - GENERAL NOTE
General note Includes bibliographical references and index
650 ## - SUBJECT ADDED ENTRY--TOPICAL TERM
Topical term or geographic name as entry element Travel
9 (RLIN) 25007
650 ## - SUBJECT ADDED ENTRY--TOPICAL TERM
Topical term or geographic name as entry element Sikkim (India) -- Description and travel
9 (RLIN) 26320
942 ## - ADDED ENTRY ELEMENTS (KOHA)
Source of classification or shelving scheme Dewey Decimal Classification
Koha item type English Books
Classification part 954.63
Call number suffix BHA
Holdings
Withdrawn status Lost status Damaged status Not for loan Home library Current library Date acquired Source of acquisition Cost, normal purchase price Total Checkouts Full call number Barcode Date last seen Copy number Cost, replacement price Price effective from Koha item type Source of classification or shelving scheme Collection code
        Central Library Central Library 06/07/2015 Cen Lib/Ret 0.00   954.03 BHA A-937089 06/07/2015 1 0.00 06/07/2015 English Books    
        Sarojini Nagar Sarojini Nagar 05/02/2019       954.63 BHA A-937091 05/02/2019     05/02/2019 English Books Dewey Decimal Classification Non-fiction

© Delhi Public Library
Hit Counter
free hit counter